|
|
|
|
| LEADER |
00000nam0a2200000 4500 |
| 001 |
363363 |
| 005 |
20231102011601.0 |
| 035 |
|
|
|a (RuTPU)RU\TPU\retro\20710
|
| 090 |
|
|
|a 363363
|
| 100 |
|
|
|a 20210928d1980 km y0rusy50 ca
|
| 101 |
0 |
|
|a rus
|
| 102 |
|
|
|a RU
|
| 105 |
|
|
|a a z 001zy
|
| 200 |
1 |
|
|a АСУ "Сигма" на предприятии со смешанным характером производства
|f П. С. Кулагин, И. М. Бобко, Владовский И. М. [и др.]
|
| 210 |
|
|
|a Барнаул
|c Алтайское краевое издательство
|d 1980
|
| 215 |
|
|
|a 127 с.
|c ил.
|
| 320 |
|
|
|a Библиогр.: с. 125
|
| 606 |
1 |
|
|a Автоматизированные системы планирования и управления
|2 stltpush
|3 (RuTPU)RU\TPU\subj\615
|9 29488
|
| 610 |
1 |
|
|a АСУ
|
| 610 |
1 |
|
|a автоматизация
|
| 610 |
1 |
|
|a управление
|
| 610 |
1 |
|
|a эффективность
|
| 610 |
1 |
|
|a внедрение
|
| 610 |
1 |
|
|a эксплуатация
|
| 610 |
1 |
|
|a производство
|
| 610 |
1 |
|
|a труд
|
| 610 |
1 |
|
|a техническая подготовка
|
| 610 |
1 |
|
|a заработная плата
|
| 675 |
|
|
|a 658.012.011.56
|v 4
|
| 701 |
|
1 |
|a Кулагин
|b П. С.
|
| 701 |
|
1 |
|a Бобко
|b И. М.
|
| 701 |
|
1 |
|a Владовский И. М.
|
| 701 |
|
1 |
|a Мироносецкий
|b Н. Б.
|
| 701 |
|
1 |
|a Бюрюкова
|b Л. И.
|
| 801 |
|
1 |
|a RU
|b 63413507
|c 20210928
|
| 942 |
|
|
|c BK
|